000 00581nam a22001457a 4500
005 20241221095944.0
008 241004b |||||||| |||| 00| 0 eng d
050 _aDPer050 M72 January-March 2018 v. 66 no. 8-10
100 _aBartolome, Errolinda P.
_eauthor.
_962209
245 _aThe benefit of exercise that lengthens your life /
_cErrolinda P. Bartolome.
260 _aPhilippines;
_bPublishers Association of the Philippines, Inc.,
_cJanuary 2019.
300 _aVolume 66, pages 293,
_billustration.
700 _aBartolome, Errolinda P.
_eauthor.
_962210
942 _2ddc
_cPER
999 _c22189
_d22189